[Event "Lazy Baltic Pearl op-A 17th"]
[Site "Lazy"]
[Date "2021.07.05"]
[Round "8"]
[White "Kolodziejski, Piotr"]
[Black "Strepikowski, Pawel"]
[Result "1/2-1/2"]
[WhiteElo "1921"]
[BlackElo "1635"]
[PlyCount "64"]
[EventDate "2021.06.27"]
[EventType "swiss"]
[EventRounds "9"]
[EventCountry "POL"]
[SourceTitle "EXT 2022"]
[Source "ChessBase"]
[SourceDate "2021.10.06"]
[SourceVersion "1"]
[SourceVersionDate "2021.10.06"]
[SourceQuality "1"]

1. e4 d6 2. d4 Nf6 3. Nc3 g6 4. f4 Bg7 5. Nf3 0-0 6. Bd3 Nc6 7. e5 dxe5 8. dxe5 Nd5 9. Nxd5 Qxd5 10. Qe2 Bg4 11. Be4 Qa5+ 12. Bd2 Qb6 13. Bc3 Rad8 14. Qf2 f6 15. Qxb6 cxb6 16. 0-0 Bxf3 17. Bxf3 fxe5 18. Bxc6 bxc6 19. fxe5 e6 20. Rxf8+ Kxf8 21. g4 Rd5 22. Re1 Ke7 23. Kg2 Bh6 24. Re2 Bf4 25. Kf3 g5 26. h4 h6 27. hxg5 hxg5 28. Ke4 Rd1 29. Re1 Rxe1+ 30. Bxe1 c5 31. a4 Kd7 32. b3 Kc6 1/2-1/2

[Event "Lazy Baltic Pearl op-A 17th"]
[Site "Lazy"]
[Date "2021.07.03"]
[Round "7"]
[White "Nowak, Mikolaj"]
[Black "Kolodziejski, Piotr"]
[Result "1-0"]
[WhiteElo "2310"]
[BlackElo "1921"]
[PlyCount "75"]
[EventDate "2021.06.27"]
[EventType "swiss"]
[EventRounds "9"]
[EventCountry "POL"]
[SourceTitle "EXT 2022"]
[Source "ChessBase"]
[SourceDate "2021.10.06"]
[SourceVersion "1"]
[SourceVersionDate "2021.10.06"]
[SourceQuality "1"]

1. c4 Nf6 2. Nc3 e5 3. e3 Bb4 4. Nge2 0-0 5. a3 Be7 6. d4 exd4 7. Qxd4 d6 8. Nf4 Nc6 9. Qd1 Re8 10. Be2 Ne5 11. 0-0 Ng6 12. Nfd5 c6 13. Nxe7+ Qxe7 14. Qc2 Bd7 15. Rd1 Rad8 16. b4 Be6 17. Bb2 d5 18. cxd5 Nxd5 19. Rac1 Nxc3 20. Qxc3 f6 21. e4 Bf7 22. f3 Rxd1+ 23. Rxd1 Rd8 24. Rxd8+ Qxd8 25. g3 Ne5 26. f4 Nd7 27. Qd3 Qe7 28. Bg4 Be6 29. Bf3 Nb6 30. Bd4 Qd7 31. Qc3 Nc8 32. Qe3 a6 33. f5 Bf7 34. g4 Qe8 35. g5 Qe7 36. gxf6 gxf6 37. Qh6 Nd6 38. Bxf6 1-0